000 00207 a2200097 4500
001 1947
100 _aMitchell,KB
245 _aCost Acounting and the Engineer
260 _a
_bIliffe
_c
090 _c1445
_d1445
942 _aNUST-CAE
_cM
_c4947
999 _c237020
_d237020